A gamble on youth : Robert M. Hutchins, the University of Chicago and the politics of presidential selection (Record no. 61640)
[ view plain ]
| 000 -CABECERA | |
|---|---|
| campo de control de longitud fija | 00675nam a2200217 a 4500 |
| 005 - FECHA Y HORA DE LA ÚLTIMA TRANSACCIÓN | |
| campo de control | 20210219152821.0 |
| 008 - ELEMENTOS DE LONGITUD FIJA--INFORMACIÓN GENERAL | |
| campo de control de longitud fija | 991125n 000 0 eng u |
| 035 ## - NÚMERO DE CONTROL DEL SISTEMA | |
| Número de control de sistema | UPN01000062303 |
| 100 ## - ASIENTO PRINCIPAL--NOMBRE PERSONAL | |
| Nombre de persona | McArthur, Benjamin |
| 222 ## - TÍTULO CLAVE | |
| Título clave | HISTORY OF EDUCATION QUARTERLY |
| 245 ## - MENCIÓN DE TÍTULO | |
| Título | A gamble on youth : Robert M. Hutchins, the University of Chicago and the politics of presidential selection |
| 300 ## - DESCRIPCIÓN FÍSICA | |
| Extensión | 161-186 |
| 362 ## - FECHAS DE PUBLICACIÓN Y/O DESIGNACIÓN SECUENCIAL | |
| Fecha de publicación y/o designación secuencial | 1990 30, no. 2 |
| 653 0# - TERMINO DE INDIZACION - NO CONTROLADO | |
| Término no controlado | CUALIDADES DEL ADMINISTRADOR |
| 653 0# - TERMINO DE INDIZACION - NO CONTROLADO | |
| Término no controlado | HISTORIA EDUCATIVA |
| 653 0# - TERMINO DE INDIZACION - NO CONTROLADO | |
| Término no controlado | POLITICAS DE EDUCACION |
| 653 0# - TERMINO DE INDIZACION - NO CONTROLADO | |
| Término no controlado | PRESIDENTE ESCOLAR |
| 653 0# - TERMINO DE INDIZACION - NO CONTROLADO | |
| Término no controlado | PROGRESO INSTITUCIONAL |
| 904 ## - ELEMENTOS DE DATOS D LOCAL, LDD (RLIN) | |
| a | AC |
| b | 000114 |
| 905 ## - TIPO DE MATERIAL | |
| Tipo de material | Articulo |
No items available.
